Java : How to program ( Covers Java 2; introducing swing) (Record no. 167659)

MARC details
000 -LEADER
fixed length control field 00434nam a2200157Ia 4500
008 - FIXED-LENGTH DATA ELEMENTS--GENERAL INFORMATION
fixed length control field 231217s9999 xx 000 0 und d
041 ## - LANGUAGE CODE
Language code of text/sound track or separate title English
082 ## - DEWEY DECIMAL CLASSIFICATION NUMBER
Classification number 001.6424JAV DEI;1 `R'
100 ## - MAIN ENTRY--PERSONAL NAME
Personal name Deitel, H M. Deital, P J.
245 #0 - TITLE STATEMENT
Title Java : How to program ( Covers Java 2; introducing swing)
250 ## - EDITION STATEMENT
Edition statement 3rd ed.
260 ## - PUBLICATION, DISTRIBUTION, ETC.
Date of publication, distribution, etc. 1999
Name of publisher, distributor, etc. New Jersey : Prentice-Hall,
300 ## - PHYSICAL DESCRIPTION
Extent LX+1355
650 ## - SUBJECT ADDED ENTRY--TOPICAL TERM
Topical term or geographic name entry element Java,Swing
942 ## - ADDED ENTRY ELEMENTS (KOHA)
Koha item type Books
Holdings
Date last seen Total checkouts Full call number Accession number Cost, total (INR) price Price effective from Category Lost status Damaged status Department Withdrawn status Home library Current library Entry date Vendor Cost, normal purchase price Grants Billnumber Billdate Currency symbol Conversion rate Discount Old discount
26/01/2024   001.6424JAV DEI;1 `R' 17115 317.52 26/01/2024 Books     Central Library   Central Library Central Library 23/02/2001 Sai Books 373.55 EC 1095 13/01/2004 RS 1 56.03 15
26/01/2024   001.6424JAV DEI;2 `R' 17116 317.52 26/01/2024 Books     Central Library   Central Library Central Library 23/02/2001 Sai Books 373.55 EC 1095 13/01/2004 RS 1 56.03 15
26/01/2024   001.6424JAV DEI;3 17356 1058.25 26/01/2024 Books     Central Library   Central Library Central Library 30/03/2001 Sai Books 1245.00 MCA 1123 22/01/2004 RS 1 186.75 15
26/01/2024   001.6424JAV DEI;4 17357 1058.25 26/01/2024 Books     Central Library   Central Library Central Library 30/03/2001 Sai Books 1245.00 MCA 1123 22/01/2004 RS 1 186.75 15
26/01/2024   001.6424JAV DEI;5 17358 1058.25 26/01/2024 Books     Central Library   Central Library Central Library 30/03/2001 Sai Books 1245.00 MCA 1123 22/01/2004 RS 1 186.75 15
26/01/2024   001.6424JAV DEI;7 17511 1038.23 26/01/2024 Books     Central Library   Central Library Central Library 24/04/2001 Ell Enn books 1221.45 MCA 441 04/02/2004 RS 1 183.22 15
26/01/2024   001.6424JAV DEI;8 17512 1038.23 26/01/2024 Books     Central Library   Central Library Central Library 24/04/2001 Ell Enn books 1221.45 MCA 441 04/02/2004 RS 1 183.22 15

© For any Suggestions or Query, please contact the library staff @ librarian@pes.edu or Phone: +9180 2672 1983/ 2108.